000 00328nam a2200109Ia 4500
008 171205s9999 xx 000 0 und d
020 _a9780840065865
100 _aZumdahl, Steven S.
245 _cSteven S. Zumdahl, Susan A. Zumdahl
_aChemistry An Atoms First Approach
260 _bCengage Learning
_c2012
300 _a1038 pages
999 _c347345
_d347345